| 000 | 00557nam a22001937a 4500 | ||
|---|---|---|---|
| 999 |
_c8330 _d8330 |
||
| 003 | AR-CdUCM | ||
| 008 | 190322b ||||| |||| 00| 0 spa d | ||
| 040 |
_aMUNICIPALIDAD PROVINCIAL DEL CUSCO _cBIBLIOTECA MUNICIPAL DEL CUSCO |
||
| 041 | _heng. | ||
| 082 |
_25ed. _a150.19 / _bA23 |
||
| 100 |
_aAdler, Alfred _923317 |
||
| 245 | _aLa ciencia de vivir / | ||
| 260 |
_aMexico : _bDiana, _c1964. |
||
| 300 |
_a184 paginas ; _c20 cm. |
||
| 650 |
_aSociologĂa _9276 |
||
| 700 |
_aAndres Maria Mateo (traductor) _923385 |
||
| 942 |
_2ddc _cLIBROS |
||
| 945 | _arjall | ||